[Event "AUTO-ADV-4641"]
[Site "http://www.queenalice.com/game.php?id=1795994"]
[Date "2022.9.12"]
[Round "1"]
[White "Kapablanca"]
[Black "Ticovi"]
[Result "0-1"]
[WhiteElo "1599"]
[BlackElo "1507"]

1. d4 d5 2. c4 e6 3. Nc3 Nf6 4. Nf3 Bd7 5. e3 Nc6 6. Be2 Bb4 7. O-O O-O 8. a3
Bxc3 9. bxc3 Ne4 10. Qc2 a6 11. cxd5 exd5 0-1

[Event "AUTO-ADV-4641"]
[Site "http://www.queenalice.com/game.php?id=1795995"]
[Date "2022.9.12"]
[Round "1"]
[White "Ticovi"]
[Black "Kapablanca"]
[Result "1-0"]
[WhiteElo "1486"]
[BlackElo "1620"]

1. e4 e6 2. e5 d5 3. d4 c5 4. c3 Nc6 5. Nf3 Qb6 6. b3 cxd4 7. cxd4 Nge7 8. Bd3
Bd7 9. O-O Nf5 10. Bxf5 exf5 11. Nc3 1-0

[Event "AUTO-OPEN-4390"]
[Site "http://www.queenalice.com/game.php?id=1796026"]
[Date "2022.9.12"]
[Round "1"]
[White "jesus_vieira"]
[Black "Ticovi"]
[Result "0-1"]
[WhiteElo "1425"]
[BlackElo "1472"]

1. d4 d5 2. Bf4 Nc6 3. e3 Nf6 4. Bb5 Bd7 5. Nc3 e6 6. h3 a6 7. Ba4 b5 8. Bb3 Bb4
9. a3 Bxc3+ 10. bxc3 Ne4 11. Ne2 O-O 12. Ng3 Nxc3 0-1

[Event "AUTO-OPEN-4640"]
[Site "http://www.queenalice.com/game.php?id=1869637"]
[Date "2026.2.22"]
[Round "1"]
[White "MarcosT"]
[Black "Ticovi"]
[Result "0-1"]
[WhiteElo "2055"]
[BlackElo "1561"]

1. d4 d5 2. e3 Nf6 3. Nd2 Bf5 4. f4 e6 5. Be2 Nc6 6. Ngf3 h6 7. O-O Bd6 8. a3
Ng4 9. Ne5 Nxe3 10. Nxc6 bxc6 11. Qe1 Nxc2 12. Qg3 Nxa1 13. Qxg7 Ke7 14. Nf3 Qg8
15. Qxg8 Rhxg8 16. Ne5 Bxe5 17. fxe5 Bh3 18. Rf2 Rg6 19. Bd1 Rag8 20. g3 f6 0-1

[Event "AUTO-OPEN-4640"]
[Site "http://www.queenalice.com/game.php?id=1869657"]
[Date "2026.2.22"]
[Round "1"]
[White "game"]
[Black "Ticovi"]
[Result "0-1"]
[WhiteElo "1569"]
[BlackElo "1527"]

1. e4 e5 2. Nf3 Nc6 3. Bc4 h6 4. d3 Bc5 5. Be3 Bxe3 6. fxe3 Nf6 7. Nc3 d6 8. d4
Bd7 9. d5 Ne7 10. Qe2 a6 11. h4 b5 12. Bd3 c5 13. Qd2 b4 14. Ne2 a5 15. a3 O-O
16. axb4 axb4 17. Ba6 Qb6 18. Qd3 Bc8 19. O-O Bxa6 20. Qd2 Nxe4 21. Qd1 Bxe2 22.
Qxe2 Ng3 23. Qd3 Nxf1 24. Rxf1 Ng6 25. h5 Nf4 26. Qf5 Nxd5 27. Nh4 Nxe3 28. Qf2
Nxf1 29. Qxf1 c4+ 30. Kh2 Qd4 31. g3 Ra2 32. Nf5 Qxb2 33. Qxc4 Qxc2+ 34. Qxc2
Rxc2+ 35. Kh3 b3 36. Ne3 Re2 37. Nd1 b2 38. Nxb2 Rxb2 39. g4 Rc8 40. Kh4 Rc3 41.
g5 Rb4# 0-1

[Event "AUTO-OPEN-4640"]
[Site "http://www.queenalice.com/game.php?id=1869658"]
[Date "2026.2.22"]
[Round "1"]
[White "Ticovi"]
[Black "game"]
[Result "1-0"]
[WhiteElo "1545"]
[BlackElo "1551"]

1. e4 c5 2. Bc4 e6 3. Nc3 d5 4. exd5 e5 5. Qh5 Bd6 6. Qf3 Nf6 7. d3 O-O 8. Bg5
Be7 9. h3 Qb6 10. b3 Qa5 11. Kd2 a6 12. Qg3 Nbd7 13. Bh6 Nh5 14. Qf3 gxh6 15.
Qxh5 Qd8 16. Qxh6 Bg5+ 17. Qxg5+ Qxg5+ 18. Ke2 e4 19. Nxe4 Qxg2 20. Nf3 Ne5 21.
Rag1 Qxg1 22. Rxg1+ Ng6 23. h4 h5 24. Neg5 Bg4 25. Kd2 f6 26. Ne6 Rfe8 27. Nc7
Bxf3 28. Nxa8 Rxa8 29. Rxg6+ Kh7 30. Rxf6 Bg4 31. f3 Kg7 32. Rf4 b5 33. fxg4
bxc4 34. dxc4 Kh6 35. Rf6+ Kh7 36. gxh5 Rg8 37. h6 Rg2+ 38. Kc3 Rh2 39. Rxa6
Rh3+ 40. Kb2 Rxh4 41. a4 Rxh6 42. Rxh6+ Kxh6 43. a5 1-0